<?xml version="1.0" encoding="UTF-8"?>
<record
    xmlns:xsi="http://www.w3.org/2001/XMLSchema-instance"
    xsi:schemaLocation="http://www.loc.gov/MARC21/slim http://www.loc.gov/standards/marcxml/schema/MARC21slim.xsd"
    xmlns="http://www.loc.gov/MARC21/slim">

  <leader>00981nam a22002537a 4500</leader>
  <controlfield tag="001">9213</controlfield>
  <controlfield tag="003">FISKH</controlfield>
  <controlfield tag="005">20251202152119.0</controlfield>
  <controlfield tag="008">251202b        cb ||||| |||| 00| 0 eng d</controlfield>
  <datafield tag="040" ind1=" " ind2=" ">
    <subfield code="a">FISKH</subfield>
    <subfield code="b">eng</subfield>
    <subfield code="c">FISKH</subfield>
    <subfield code="d">FISKH</subfield>
  </datafield>
  <datafield tag="082" ind1=" " ind2=" ">
    <subfield code="a">428.6</subfield>
  </datafield>
  <datafield tag="100" ind1=" " ind2=" ">
    <subfield code="a">Bacon, Ron </subfield>
  </datafield>
  <datafield tag="245" ind1=" " ind2=" ">
    <subfield code="a">The magic ride / </subfield>
    <subfield code="c">Written by Ron Bacon ; Illustatrated by Jim Tsinganos</subfield>
  </datafield>
  <datafield tag="260" ind1=" " ind2=" ">
    <subfield code="a">Milburn : </subfield>
    <subfield code="b">Nelson, </subfield>
    <subfield code="c">1992. </subfield>
  </datafield>
  <datafield tag="300" ind1=" " ind2=" ">
    <subfield code="a">16 unnumbered pages : </subfield>
    <subfield code="b">color illustrations ; </subfield>
    <subfield code="c">19 x 21 cm</subfield>
  </datafield>
  <datafield tag="505" ind1=" " ind2=" ">
    <subfield code="a">E
</subfield>
  </datafield>
  <datafield tag="520" ind1=" " ind2=" ">
    <subfield code="a">A simple story for beginning readers about a child who takes an imaginative ride and discovers new places and experiences. The book uses repetitive text and supportive illustrations to help early readers build confidence and practice high-frequency words.</subfield>
  </datafield>
  <datafield tag="521" ind1="8" ind2=" ">
    <subfield code="a">200
</subfield>
    <subfield code="b">Lexile estimate
</subfield>
  </datafield>
  <datafield tag="521" ind1="8" ind2=" ">
    <subfield code="a">E
</subfield>
    <subfield code="b">Raz-Plus
</subfield>
  </datafield>
  <datafield tag="650" ind1=" " ind2=" ">
    <subfield code="a">Horses </subfield>
    <subfield code="v">Imagination </subfield>
    <subfield code="x">Merry-go-round</subfield>
  </datafield>
  <datafield tag="700" ind1=" " ind2=" ">
    <subfield code="a">Tsinganos, Jim </subfield>
    <subfield code="e">illustrator</subfield>
  </datafield>
  <datafield tag="942" ind1=" " ind2=" ">
    <subfield code="2">ddc</subfield>
    <subfield code="c">BK</subfield>
    <subfield code="n">0</subfield>
  </datafield>
  <datafield tag="999" ind1=" " ind2=" ">
    <subfield code="c">9213</subfield>
    <subfield code="d">9213</subfield>
  </datafield>
  <datafield tag="952" ind1=" " ind2=" ">
    <subfield code="0">0</subfield>
    <subfield code="1">0</subfield>
    <subfield code="2">ddc</subfield>
    <subfield code="4">0</subfield>
    <subfield code="7">0</subfield>
    <subfield code="8">JUVF</subfield>
    <subfield code="a">002</subfield>
    <subfield code="b">002</subfield>
    <subfield code="c">TTP Dark Green</subfield>
    <subfield code="d">2025-12-02</subfield>
    <subfield code="l">0</subfield>
    <subfield code="o">BAC 428.6 </subfield>
    <subfield code="p">2025-5004</subfield>
    <subfield code="r">2025-12-02 15:21:06</subfield>
    <subfield code="t">1</subfield>
    <subfield code="w">2025-12-02</subfield>
    <subfield code="y">BK</subfield>
  </datafield>
</record>
